000 04145nam a2201273 i 4500
001 nkc20253668614
003 CZ PrSKC
005 20260417150626.0
007 ta
008 250127s2024 xr ach e 000 0bcze
015 _acnb003668614
020 _a9788072445097
_q(vázáno) :
_cKč 399,00
035 _a(OCoLC)1544836398
040 _aBOA001
_bcze
_dABA001
_erda
043 _ae-xr---
_ae-au---
045 _aw8x7
072 7 _a323
_xVnitropolitický vývoj, politický život
_2Konspekt
072 7 _a929
_xBiografie
_2Konspekt
080 _a642.63-051
_2MRF
080 _a796.034.2.077.2/.4
_2MRF
080 _a323.25/.26-051
_2MRF
080 _a323.28-051
_2MRF
080 _a323.25/.26:329.18
_2MRF
080 _a343.819.5
_2MRF
080 _a94(100)"1939/1945"
_2MRF
080 _a929
_2MRF
080 _a(437.3)
_2MRF
080 _a(436)
_2MRF
080 _a(092)
_2MRF
080 _a(0:82-94)
_2MRF
100 1 _aJaník, Vlastislav,
_d1966-
_4aut
_4edt
245 1 0 _aOtto Laadt :
_bčíšník z Karlova náměstí, sokol z Podolí, vězeň z Mauthausenu : nesmíme zůstat nic dlužni! /
_cVlastislav Janík, Daniel Plaček
246 1 8 _aNesmíme zůstat nic dlužni!
250 _aPrvní vydání
264 1 _aPraha :
_bŠulc - Švarc,
_c2024
300 _a253 stran :
_bilustrace, portréty, faksimile ;
_c25 cm
336 _atext
_btxt
_2rdacontent
337 _abez média
_bn
_2rdamedia
338 _asvazek
_bnc
_2rdacarrier
504 _aObsahuje bibliografické odkazy
505 2 _aPaměti : Pankrác - Terezín - Kladno - Mauthausen / Otto Laadt
520 2 _aVzpomínky člena pražského Sokola a příslušníka protifašistického odboje Otty Laadta na roky 1943-1945, kdy byl internován v terezínském ghettu a v koncentračním táboře Mauthausen.
546 _aČeský text
600 1 7 _aLaadt, Otto,
_d1881-1972
_2czenas
610 2 7 _aMauthausen (koncentrační tábor)
_2czenas
648 4 _a1881-1972
648 7 _a19.-20. století
_2czenas
648 7 _a1939-1945
_2czenas
650 0 7 _ačíšníci
_zČesko
_y19.-20. století
_2czenas
650 0 7 _asokolové
_zČesko
_y19.-20. století
_2czenas
650 0 7 _aúčastníci odboje
_zČesko
_y1939-1945
_2czenas
650 0 7 _apolitičtí vězni
_zRakousko
_y1939-1945
_2czenas
650 0 7 _aprotifašistický odboj
_zČesko
_y1939-1945
_2czenas
650 0 7 _akoncentrační tábory
_zRakousko
_y1939-1945
_2czenas
650 0 7 _adruhá světová válka (1939-1945)
_zČesko
_2czenas
650 0 9 _awaiters
_zCzechia
_y19th-20th centuries
_2eczenas
650 0 9 _amembers of the Sokol
_zCzechia
_y19th-20th centuries
_2eczenas
650 0 9 _aresistance participants
_zCzechia
_y1939-1945
_2eczenas
650 0 9 _apolitical prisoners
_zAustria
_y1939-1945
_2eczenas
650 0 9 _aanti-fascist movements
_zCzechia
_y1939-1945
_2eczenas
650 0 9 _aconcentration camps
_zAustria
_y1939-1945
_2eczenas
650 0 9 _aWorld War (1939-1945)
_zCzechia
_2eczenas
655 7 _abiografie
_2czenas
655 7 _aautobiografické vzpomínky
_2czenas
655 9 _abiography
_2eczenas
655 9 _aautobiographical reminiscences
_2eczenas
700 1 _aPlaček, Daniel
_4aut
_4edt
700 1 2 _aLaadt, Otto,
_d1881-1972.
_tPaměti
900 _b20
910 _aABA001
910 _aABA010
910 _aABB060
910 _aABG001
910 _aBOA001
910 _aBOE310
910 _aCBA001
910 _aCRG001
910 _aCVG001
910 _aDCG302
910 _aHBG001
910 _aHKA001
910 _aJCG001
910 _aKAG503
910 _aKLG001
910 _aKLG002
910 _aKTG001
910 _aKVG001
910 _aLIA001
910 _aLNG001
910 _aLTG001
910 _aMBG002
910 _aNBG001
910 _aOLA001
910 _aOLD012
910 _aOSA001
910 _aPNA001
910 _aPNG001
910 _aPRG001
910 _aPRG501
910 _aPVG001
910 _aTUG509
910 _aUHG001
910 _aULG001
910 _aUOG502
910 _aZLG001
910 _aZNG001
910 _aZRG001
942 _2ddc
_cKNIHA
_n0
999 _c1871
_d1871